FNAF Pizzeria Simulator Character Quiz! - Statistics

General Stats
  • This quiz has been taken 141 times
  • The average score is 11 of 15
Answer Stats
Hint Answer Hint Answer % Correct
Let’s Rock! Rockstar Chica Hes Watching! Security Puppet
93%
Parrot Friend Rockstar Foxy Tape Guy Henry
93%
Classic and New Rockstar Freddy Markiplier Friend Number 1 Crate
93%
Blue and friendly Rockstar Bonnie Balloonz Bucket Bob
92%
Elizabeth Scrap Baby
88%
Young And Green! Happy Frog Your Pal Helpy
87%
William Scrap Trap
87%
Destroyed Molten Freddy
83%
Oink Pigpatch
83%
Story Time Mr Hippo
79%
Chipper El Chip
73%
Freddy Knock off Neddbear Mr Cant do? Mr Can-do
65%
Party! Funtime Chica
56%
Hug him! Mr Hugs
52%
Your Friend Pan Stan
23%
No matching quizzes found
Score Distribution
Percent of People with Each Score
Percentile by Number Answered
Your Score History
You have not taken this quiz